[Event "Vadso op"]
[Site "Vadso"]
[Date "2010.08.29"]
[Round "5"]
[White "Scholseth, Tor Kristian"]
[Black "Tsjembajev, Evgenij"]
[Result "0-1"]
[WhiteElo "2159"]
[BlackElo "2203"]
[PlyCount "60"]
[EventDate "2010.08.27"]
[EventType "swiss"]
[EventRounds "5"]
[EventCountry "NOR"]
[SourceTitle "CBM 138 Extra"]
[Source "ChessBase"]
[SourceDate "2010.10.29"]
[SourceVersion "1"]
[SourceVersionDate "2010.10.29"]
[SourceQuality "1"]

1. d4 e6 2. c4 d5 3. Nf3 Nf6 4. g3 c5 5. cxd5 exd5 6. Bg2 Nc6 7. 0-0 h6 8. Nc3 Be6 9. b3 Rc8 10. Bb2 cxd4 11. Nxd4 Nxd4 12. Qxd4 Bc5 13. Qd3 Qd7 14. Rfd1 Rd8 15. Rac1 b6 16. Qb5 0-0 17. Qxd7 Rxd7 18. Rd2 Rfd8 19. Rcd1 Ng4 20. e3 d4 21. exd4 Bxd4 22. Re1 Bc5 23. Rde2 Nxf2 24. Na4 Nd3+ 25. Nxc5 Nxc5 26. Ba3 Rd2 27. Bxc5 bxc5 28. Be4 Kf8 29. Kf2 c4 30. Bc2 Bg4 0-1

[Event "NOR-chT2"]
[Site "Oslo"]
[Date "2006.06.10"]
[Round "4"]
[White "Lund, Arne Birger"]
[Black "Scholseth, Tor Kristian"]
[Result "1/2-1/2"]
[WhiteElo "2092"]
[BlackElo "2186"]
[PlyCount "53"]
[EventDate "2006.06.07"]
[EventType "team"]
[EventRounds "5"]
[EventCountry "NOR"]
[SourceTitle "CBM 112 Extra"]
[Source "ChessBase"]
[SourceDate "2006.07.14"]
[SourceVersion "1"]
[SourceVersionDate "2006.07.14"]
[SourceQuality "1"]

1. e4 c5 2. d4 cxd4 3. c3 g6 4. Nf3 Bg7 5. Bc4 d3 6. 0-0 Nc6 7. Qxd3 Nf6 8. e5 Ng4 9. Bf4 Bxe5 10. Nxe5 Ngxe5 11. Qg3 d6 12. Bb3 Bf5 13. Nd2 h5 14. Rfe1 h4 15. Qe3 Nd3 16. Nc4 0-0 17. Bc2 Nxb2 18. Bxf5 Nxc4 19. Qh3 e5 20. Bh6 Re8 21. Bd7 Re7 22. Bxc6 bxc6 23. Qxh4 Re6 24. Bg5 f6 25. Qxc4 d5 26. Qg4 Kf7 27. Be3 1/2-1/2

[Event "NOR-chT2"]
[Site "Oslo"]
[Date "2006.06.07"]
[Round "1"]
[White "Scholseth, Tor Kristian"]
[Black "Andreassen, Pal M"]
[Result "0-1"]
[WhiteElo "2186"]
[BlackElo "2108"]
[PlyCount "67"]
[EventDate "2006.06.07"]
[EventType "team"]
[EventRounds "5"]
[EventCountry "NOR"]
[SourceTitle "CBM 112 Extra"]
[Source "ChessBase"]
[SourceDate "2006.07.14"]
[SourceVersion "1"]
[SourceVersionDate "2006.07.14"]
[SourceQuality "1"]

1. d4 d6 2. e4 Nf6 3. Nc3 g6 4. Nf3 Bg7 5. Be2 0-0 6. 0-0 e6 7. h3 Nc6 8. Be3 a6 9. Qd2 b5 10. a3 Bb7 11. Bh6 e5 12. d5 Ne7 13. h4 c6 14. Bg5 cxd5 15. exd5 Qc7 16. a4 Rac8 17. Bxf6 Bxf6 18. Ne4 Bg7 19. axb5 Bxd5 20. Ng3 axb5 21. Bxb5 e4 22. Nd4 f5 23. c4 Bf7 24. Nge2 d5 25. c5 f4 26. Ra6 Qe5 27. Nc6 Nxc6 28. Bxc6 d4 29. Rd1 Bc4 30. Rb6 d3 31. Nc1 Qe7 32. Bb5 Bxb5 33. Rxb5 Ra8 34. Nb3 0-1

[Event "Gausdal IM-B"]
[Site "Gausdal"]
[Date "2005.04.19"]
[Round "7"]
[White "Scholseth, Tor Kristian"]
[Black "Bentsen, Oyvind"]
[Result "0-1"]
[WhiteElo "2213"]
[BlackElo "2185"]
[PlyCount "68"]
[EventDate "2005.04.13"]
[EventType "tourn"]
[EventRounds "9"]
[EventCountry "NOR"]
[EventCategory "2"]
[SourceTitle "CBM 105 Extra"]
[Source "ChessBase"]
[SourceDate "2005.05.01"]
[SourceVersion "1"]
[SourceVersionDate "2005.05.01"]
[SourceQuality "1"]

1. d4 Nf6 2. c4 g6 3. Nc3 Bg7 4. e4 d6 5. f4 0-0 6. Nf3 c5 7. d5 e6 8. Be2 exd5 9. cxd5 Re8 10. e5 dxe5 11. fxe5 Ng4 12. Bg5 Qb6 13. 0-0 Nxe5 14. Nxe5 Bxe5 15. Bc4 Qxb2 16. d6 Rf8 17. Nb5 Bf5 18. Rc1 Nd7 19. Kh1 Bf6 20. Bf4 Nb6 21. Nc7 Rad8 22. Bd5 Nxd5 23. Nxd5 b6 24. Nxf6+ Qxf6 25. Qa4 Qb2 26. Rce1 Bd7 27. Qe4 Bf5 28. Qe7 Rd7 29. Qh4 f6 30. Qh6 Qxa2 31. Re7 Rxe7 32. dxe7 Re8 33. Re1 Qf7 34. Bd6 c4 0-1

[Event "Gausdal IM-B"]
[Site "Gausdal"]
[Date "2005.04.17"]
[Round "5"]
[White "Scholseth, Tor Kristian"]
[Black "Siebrecht, Sebastian"]
[Result "0-1"]
[WhiteElo "2213"]
[BlackElo "2438"]
[PlyCount "88"]
[EventDate "2005.04.13"]
[EventType "tourn"]
[EventRounds "9"]
[EventCountry "NOR"]
[EventCategory "2"]
[SourceTitle "CBM 105 Extra"]
[Source "ChessBase"]
[SourceDate "2005.05.01"]
[SourceVersion "1"]
[SourceVersionDate "2005.05.01"]
[SourceQuality "1"]

1. d4 Nf6 2. c4 e6 3. g3 c5 4. Nf3 cxd4 5. Nxd4 Bb4+ 6. Bd2 Bc5 7. Nb3 Be7 8. Nc3 Nc6 9. Rc1 b6 10. Bg2 Bb7 11. Nd4 Qc8 12. Nf3 Ne5 13. b3 Bxf3 14. Bxf3 Nxf3+ 15. exf3 Qb7 16. 0-0 0-0 17. Bg5 h6 18. Bxf6 Bxf6 19. Qd3 Rfd8 20. Rfd1 Rac8 21. f4 Qa6 22. Ne4 Be7 23. Qb1 Ba3 24. Rc2 d5 25. cxd5 exd5 26. Rcd2 Qb7 27. Rd3 Bb4 28. a3 Bxa3 29. Nc3 d4 30. b4 a5 31. bxa5 Be7 32. Ne2 Bc5 33. axb6 Bxb6 34. Nxd4 Rd6 35. Nf3 Bxf2+ 36. Kxf2 Qxb1 37. Rxb1 Rxd3 38. Rb2 Rdc3 39. Re2 Rc2 40. Nd4 Rxe2+ 41. Kxe2 Ra8 42. h3 Ra4 43. Nf5 h5 44. Kf3 f6 0-1

[Event "Gausdal IM-B"]
[Site "Gausdal"]
[Date "2005.04.16"]
[Round "4"]
[White "Arsenault, Nicolas"]
[Black "Scholseth, Tor Kristian"]
[Result "1-0"]
[WhiteElo "2159"]
[BlackElo "2213"]
[PlyCount "69"]
[EventDate "2005.04.13"]
[EventType "tourn"]
[EventRounds "9"]
[EventCountry "NOR"]
[EventCategory "2"]
[SourceTitle "CBM 105 Extra"]
[Source "ChessBase"]
[SourceDate "2005.05.01"]
[SourceVersion "1"]
[SourceVersionDate "2005.05.01"]
[SourceQuality "1"]

1. e4 c5 2. Nf3 d6 3. d4 cxd4 4. Nxd4 Nf6 5. Nc3 g6 6. Be3 Bg7 7. f3 0-0 8. Qd2 Nc6 9. 0-0-0 d5 10. exd5 Nxd5 11. Nxc6 bxc6 12. Bd4 e5 13. Bc5 Rb8 14. Bc4 Qc7 15. Bxf8 Bxf8 16. Nxd5 cxd5 17. Bxd5 Qb6 18. Bb3 Be6 19. Rhe1 Bg7 20. Qd6 Qb5 21. Qe7 Qb6 22. Qd6 Qb7 23. Rxe5 Bxe5 24. Qxe5 Bxb3 25. axb3 Rc8 26. Qd6 Rc6 27. Qd8+ Kg7 28. Qd4+ Kh6 29. Qf4+ Kg7 30. Qe5+ Kh6 31. Rd4 f6 32. Qe3+ g5 33. h4 Qb5 34. hxg5+ fxg5 35. Rh4+ 1-0

[Event "Gausdal IM-B"]
[Site "Gausdal"]
[Date "2005.04.15"]
[Round "3"]
[White "Scholseth, Tor Kristian"]
[Black "Jakubowski, Krzysztof"]
[Result "0-1"]
[WhiteElo "2213"]
[BlackElo "2479"]
[PlyCount "154"]
[EventDate "2005.04.13"]
[EventType "tourn"]
[EventRounds "9"]
[EventCountry "NOR"]
[EventCategory "2"]
[SourceTitle "CBM 105 Extra"]
[Source "ChessBase"]
[SourceDate "2005.05.01"]
[SourceVersion "1"]
[SourceVersionDate "2005.05.01"]
[SourceQuality "1"]

1. d4 d5 2. Nf3 Nf6 3. c4 e6 4. g3 dxc4 5. Bg2 Nc6 6. Qa4 Bb4+ 7. Bd2 Nd5 8. Qc2 Nb6 9. Bxb4 Nxb4 10. Qc1 Bd7 11. a3 N4d5 12. Nbd2 Bb5 13. Ne5 Rc8 14. Ne4 f6 15. Nf3 Qe7 16. Nc5 e5 17. Nxb7 e4 18. Nh4 Bd7 19. Nc5 g5 20. Bxe4 gxh4 21. Qh6 c6 22. Qh5+ Qf7 23. Qxh4 0-0 24. 0-0 f5 25. Bf3 Qf6 26. Qxf6 Rxf6 27. e3 Be8 28. Rfc1 Bf7 29. a4 a5 30. Be2 Nb4 31. Rc3 Re8 32. Nb7 Ra8 33. Nc5 Ra7 34. Rd1 Bd5 35. h4 Re7 36. Kh2 Re8 37. Kg1 Re7 38. Rcc1 Rc7 39. Rc3 h6 40. Kh2 Re7 41. Kg1 Rd6 42. Kf1 Kf8 43. Ke1 Ke8 44. Kd2 Kd8 45. Bf1 Kc7 46. Rcc1 Rd8 47. Kc3 Nc8 48. Bxc4 Bxc4 49. Kxc4 Kb6 50. Kc3 Nd6 51. Kd2 Ne4+ 52. Ke2 Nxc5 53. Rxc5 f4 54. gxf4 Rxd4 55. Rh5 Rxf4 56. Rxh6 Rc4 57. Rd8 Ree4 58. h5 Rh4 59. Kf3 Rh3+ 60. Kg2 Rch4 61. Rd4 Rxh5 62. Rxh5 Rxh5 63. e4 Kc5 64. Rd8 Rh4 65. f3 Kc4 66. Ra8 Nd3 67. Rxa5 Nxb2 68. Ra8 c5 69. a5 Nd3 70. a6 Rh7 71. a7 Nb4 72. e5 Nc6 73. f4 Nxa7 74. Rd8 Nc6 75. Rd6 Nd4 76. Rf6 Kd5 77. e6 Re7 0-1

[Event "NOR-ch op"]
[Site "Oslo"]
[Date "2004.04.07"]
[Round "5"]
[White "Scholseth, Tor Kristian"]
[Black "Pham, Toan Thanh"]
[Result "1-0"]
[WhiteElo "2250"]
[BlackElo "2126"]
[PlyCount "79"]
[EventDate "2004.04.03"]
[EventType "swiss"]
[EventRounds "9"]
[EventCountry "NOR"]
[SourceTitle "CBM 099 Extra"]
[Source "ChessBase"]
[SourceDate "2004.05.04"]
[SourceVersion "1"]
[SourceVersionDate "2004.05.04"]
[SourceQuality "1"]

1. d4 Nf6 2. c4 g6 3. Nc3 Bg7 4. e4 d6 5. f3 0-0 6. Be3 c5 7. Nge2 Qa5 8. Qd2 Nc6 9. 0-0-0 a6 10. Kb1 b5 11. dxc5 dxc5 12. Nd5 Qxd2 13. Rxd2 e6 14. Nxf6+ Bxf6 15. Bxc5 Rd8 16. Rxd8+ Bxd8 17. cxb5 axb5 18. Nd4 Nxd4 19. Bxd4 Rb8 20. Be2 Kf8 21. Rc1 Bd7 22. Be5 Rb7 23. Bd6+ Ke8 24. Rc3 Rb6 25. Bc7 Bxc7 26. Rxc7 e5 27. Kc2 Ke7 28. Rc5 Kd6 29. Rd5+ Kc6 30. Rxe5 Be6 31. b4 Bxa2 32. Rc5+ Kd6 33. Bxb5 f6 34. Kc3 Rb7 35. Kd4 h5 36. h4 Be6 37. Rc6+ Ke7 38. Kc5 Ra7 39. Ra6 Rc7+ 40. Bc6 1-0

[Event "Nordnorsk-ch"]
[Site "Norway"]
[Date "1998.??.??"]
[Round "4"]
[White "Scholseth, Tor Kristian"]
[Black "Royset, Pal"]
[Result "1/2-1/2"]
[WhiteElo "2290"]
[BlackElo "2235"]
[PlyCount "76"]
[EventDate "1998.??.??"]
[EventType "swiss"]
[EventRounds "7"]
[EventCountry "NOR"]
[SourceTitle "EXT 2001"]
[Source "ChessBase"]
[SourceDate "2000.11.22"]
[SourceVersion "1"]
[SourceVersionDate "2000.11.22"]
[SourceQuality "1"]

1. d4 Nf6 2. c4 e6 3. g3 d5 4. Bg2 Bb4+ 5. Bd2 Be7 6. Nf3 0-0 7. 0-0 b6 8. cxd5 exd5 9. Nc3 Bb7 10. Qb3 Nc6 11. Rad1 Na5 12. Qc2 Nc4 13. Bf4 a6 14. Be5 h6 15. Bxf6 Bxf6 16. Ne5 b5 17. Nxc4 bxc4 18. b3 Rb8 19. bxc4 dxc4 20. Bxb7 Rxb7 21. Qa4 Qd6 22. Ne4 Rb4 23. Qc2 Qd7 24. a3 Qa4 25. Qxa4 Rxa4 26. Nxf6+ gxf6 27. Rc1 Rd8 28. e3 c5 29. dxc5 Rd5 30. Rfd1 Rxc5 31. Rc3 Rb5 32. Rd4 Rb1+ 33. Kg2 Ra1 34. Rdxc4 Rxc4 35. Rxc4 Rxa3 36. Kf3 Ra2 37. Rf4 Kg7 38. h4 a5 1/2-1/2

[Event "Namses op"]
[Site "Namses"]
[Date "1995.??.??"]
[Round "?"]
[White "Johansen, Oivind"]
[Black "Scholseth, Tor Kristian"]
[Result "0-1"]
[WhiteElo "2295"]
[BlackElo "2280"]
[PlyCount "100"]
[EventDate "1995.??.??"]
[EventType "swiss"]
[EventRounds "7"]
[EventCountry "NOR"]
[SourceTitle "EXT 1997"]
[Source "ChessBase"]
[SourceDate "1996.11.15"]
[SourceVersion "1"]
[SourceVersionDate "1996.11.15"]
[SourceQuality "1"]

1. d4 Nf6 2. c4 g6 3. g3 Bg7 4. Bg2 0-0 5. Nf3 d6 6. 0-0 c6 7. Nc3 Qa5 8. h3 Be6 9. Qd3 Qa6 10. b3 d5 11. Ne5 Rd8 12. Bb2 dxc4 13. Nxc4 Bxc4 14. bxc4 Nbd7 15. Qe3 Qxc4 16. Rfd1 e6 17. Rac1 Qa6 18. Qd3 Qxd3 19. Rxd3 Nb6 20. Rcd1 Bf8 21. e4 Bb4 22. Ne2 Be7 23. g4 Rd7 24. Kf1 Rad8 25. Nc1 Nc4 26. Bc3 Ne8 27. Ke2 Nc7 28. Nb3 Nb5 29. Ba1 Kf8 30. Nc5 Bxc5 31. dxc5 Ke8 32. Rxd7 Rxd7 33. Rxd7 Kxd7 34. Kd3 Na5 35. Bf1 b6 36. a4 Nc7 37. Bd4 b5 38. Kc3 a6 39. Kb4 Nb7 40. a5 Ke7 41. Bg2 Ne8 42. g5 Nd8 43. f4 f5 44. h4 Kd7 45. Bf3 Nc7 46. h5 gxh5 47. Bxh5 fxe4 48. Be5 Nd5+ 49. Ka3 Nb7 50. Bg4 Nxa5 0-1

[Event "Namses op"]
[Site "Namses"]
[Date "1995.??.??"]
[Round "?"]
[White "Scholseth, Tor Kristian"]
[Black "Royset, Pal"]
[Result "1-0"]
[WhiteElo "2280"]
[BlackElo "2220"]
[PlyCount "99"]
[EventDate "1995.??.??"]
[EventType "swiss"]
[EventRounds "7"]
[EventCountry "NOR"]
[SourceTitle "EXT 1997"]
[Source "ChessBase"]
[SourceDate "1996.11.15"]
[SourceVersion "1"]
[SourceVersionDate "1996.11.15"]
[SourceQuality "1"]

1. d4 d5 2. Nf3 Nf6 3. c4 c6 4. Qc2 g6 5. cxd5 cxd5 6. Bf4 Nc6 7. Nc3 Bg7 8. e3 0-0 9. Bb5 Bf5 10. Qa4 Na5 11. b4 a6 12. Be2 Nc4 13. 0-0 b5 14. Qb3 Ne4 15. Rfc1 Nxc3 16. Qxc3 Bd7 17. Nd2 Re8 18. Nxc4 dxc4 19. Bf3 Ra7 20. a4 Qc8 21. axb5 Bxb5 22. Bd5 e6 23. Bxc4 Bxc4 24. Qxc4 Qxc4 25. Rxc4 Bf8 26. Rc6 Rb7 27. Rcxa6 Rxb4 28. Kf1 Rc4 29. Ra8 Rec8 30. Ke2 Bg7 31. Rxc8+ Rxc8 32. Kd3 Rd8 33. Ke4 Bf6 34. Bh6 Bg7 35. Bg5 Rc8 36. Kd3 h6 37. Bf4 Rd8 38. Ra5 Bf8 39. Rb5 Kg7 40. Be5+ Kg8 41. Rb8 Rxb8 42. Bxb8 Be7 43. Kc4 Kf8 44. Kb5 Ke8 45. Kc6 f5 46. f3 Bf6 47. Ba7 Bg5 48. e4 fxe4 49. fxe4 Be3 50. Bc5 1-0

[Event "NOR-chT east"]
[Site "Norway"]
[Date "1994.??.??"]
[Round "8"]
[White "Scholseth, Tor Kristian"]
[Black "Johansen, Oivind"]
[Result "1/2-1/2"]
[WhiteElo "2305"]
[BlackElo "2310"]
[PlyCount "43"]
[EventDate "1994.??.??"]
[EventType "team"]
[EventRounds "9"]
[EventCountry "NOR"]
[SourceTitle "EXT 2000"]
[Source "ChessBase"]
[SourceDate "1999.11.16"]
[SourceVersion "1"]
[SourceVersionDate "1999.11.16"]
[SourceQuality "1"]

1. d4 Nf6 2. c4 c5 3. d5 b5 4. cxb5 a6 5. bxa6 g6 6. Nc3 Bxa6 7. f4 d6 8. Nf3 Bg7 9. e4 Bxf1 10. Rxf1 0-0 11. e5 Ne8 12. Kf2 Qb6 13. Rg1 Na6 14. Qe2 Nec7 15. Be3 Rfb8 16. b3 Nb4 17. Qd2 Qb7 18. Rad1 Nb5 19. Na4 Nc7 20. Nc3 Nb5 21. Na4 Nc7 22. Nc3 1/2-1/2

[Event "Skei"]
[Site "Skei"]
[Date "1994.??.??"]
[Round "6"]
[White "Scholseth, Tor Kristian"]
[Black "Lyrberg, Patrik"]
[Result "0-1"]
[WhiteElo "2305"]
[BlackElo "2415"]
[PlyCount "92"]
[EventDate "1994.??.??"]
[EventType "tourn"]
[EventRounds "9"]
[EventCountry "NOR"]
[EventCategory "7"]
[SourceTitle "CBM 042 Extra"]
[Source "ChessBase"]
[SourceDate "1994.11.01"]
[SourceVersion "1"]
[SourceVersionDate "1994.11.01"]
[SourceQuality "1"]

1. d4 Nf6 2. c4 e6 3. g3 c5 4. Nf3 cxd4 5. Nxd4 Nc6 6. Bg2 Bb4+ 7. Bd2 Qb6 8. Nxc6 bxc6 9. 0-0 0-0 10. Nc3 d5 11. Rc1 Ba6 12. cxd5 cxd5 13. Be3 Qa5 14. a3 Be7 15. Bd4 Rfc8 16. Re1 Bb7 17. b4 Qa6 18. Qb3 Bd6 19. Bxf6 gxf6 20. e4 d4 21. Na4 Qb5 22. Bf1 Rxc1 23. Rxc1 Qe5 24. Bd3 Bxe4 25. Bxe4 Qxe4 26. Nc5 Bxc5 27. bxc5 Qc6 28. Qd1 e5 29. Qg4+ Kh8 30. Qf5 Rc8 31. h4 Qe6 32. Qe4 Rc6 33. h5 h6 34. Qh1 Kg7 35. Qe4 f5 36. Qd3 Qf6 37. Qc4 Qg5 38. Re1 f4 39. Qd5 Re6 40. c6 fxg3 41. fxg3 Qxg3+ 42. Qg2 Qxg2+ 43. Kxg2 Rxc6 44. Rxe5 Rd6 45. Kf2 d3 46. Ke1 Re6 0-1